00495nam a2200145 a 4500082001400000100003200014245003800046250004700084260004700131300001300178650003600191942000700227999001300234952010200247 a541.3 EXP1 aDaniels, Mathews, Williams.10aExperimental physical chemistry / a6th. Edition. Internationa student edition a[S.l.] :bMcGraw-Hill Book Company,c1941. a625 p. ; aphysical chemistry,experimental cBK c742d742 0010708NFICaICbICcGENd2015-05-25l0o541.3 EXPp001572r2022-11-17 00:00:00w2015-05-25yBK